Los seguros y sus aplicaciones (Record no. 140472)

MARC details
000 -LEADER
campo de control de longitud fija 00515nam a2200157 4500
001 - NÚMERO DE CONTROL
campo de control 140472
003 - IDENTIFICADOR DE NÚMERO DE CONTROL
campo de control ES-MaACL
007 - CAMPO FIJO DE DESCRIPCIÓN FÍSICA--INFORMACIÓN GENERAL
campo de control de longitud fija t|
008 - DATOS DE LONGITUD FIJA--INFORMACIÓN GENERAL
campo de control de longitud fija 070214s1951 sp r ||||1| spa d
245 04 - MENCIÓN DEL TÍTULO
Título Los seguros y sus aplicaciones
Resto del título : prácticas : texto especialmente preparado para cátedra a distancia.
250 ## - MENCION DE EDICION
Mención de edición 1ª ed.
260 ## - PUBLICACIÓN, DISTRIBUCIÓN, ETC.
Lugar de publicación, distribución, etc. Madrid [etc.] :
Nombre del editor, distribuidor, etc. Escuelas Internacionales,
Fecha de publicación, distribución, etc. 1951 (
Fabricante Benzal)
300 ## - DESCRIPCIÓN FÍSICA
Extensión 92, 7 p. ;
Dimensiones 22 cm.
710 2# - ENTRADA AGREGADA--NOMBRE DE ENTIDAD CORPORATIVA
Nombre de entidad corporativa o nombre de jurisdicción como elemento de entrada Escuelas Internacionales.
9 (RLIN) 3618
852 ## - LOCALIZACIÓN
Ubicación ES-MaACL
Número de control de estantería E-3575
Sublocalización o colección R.34800
Holdings
Estatus retirado Estado de pérdida Estado de daño No para préstamo Biblioteca de origen Biblioteca actual Ubicación en estantería Fecha de adquisición Fuente de adquisición Total de préstamos Signatura topográfica completa Código de barras Visto por última vez Precio de reemplazo Tipo de ítem Koha
        Biblioteca del Ateneo de Madrid Biblioteca del Ateneo de Madrid Depósito 2 17/01/2008     E-3575 1146180 23/02/2023 23/02/2023 Libro impreso